000 00522nam a22001937a 4500
003 MPLRDC
005 20220104191007.0
008 210129b ||||| |||| 00| 0 eng d
020 _a978-967-0370-01-9
082 _a859.6 SYX v.3
100 _a沈雨仙
245 _a大齐,加油!
_c
250 _a一版二刷
260 _a马来西亚
_b红蜻蜓出版有限公司 ODONATA PUBLISHING SDN BHD
_c2011
300 _b
490 _a沈雨仙作品. 03
650 _a儿童文学
942 _cBK
_o859.6 SYX v.3
999 _c64039
_d64029